000 00328nam a22001337a 4500
008 171018b xxu||||| |||| 00| 0 eng d
020 _a9780130081155
041 _aeng
080 _29TH
_a338
100 _a53
101 _aMEN
245 _aCOMPENSATION MANAGEMENT IN A KNOWLEDGE BASED WORLD
_cHENDERSON,R,I
942 _2udc
_cBK
999 _c34753
_d34753